[Event "4NCL Online Division 5"]
[Site "online"]
[Date "2020.05.12"]
[Round "6.222"]
[White "Khandelwal, Akshaj"]
[Black "Slonczuk, Pawel"]
[Result "0-1"]
[WhiteElo "1150"]
[BlackElo "1660"]
[PlyCount "102"]
[EventDate "2020.05.12"]
[WhiteTeam "Watford Juniors C"]
[BlackTeam "Wimbledon 3"]

1. e4 c5 2. Nc3 Nc6 3. Nf3 d6 4. Bc4 e6 5. O-O a6 6. d3 Nf6 7. Bg5 Be7 8. Re1
O-O 9. Qd2 b5 10. Bb3 Bb7 11. a3 Qc7 12. Rad1 h6 13. Bh4 Rac8 14. h3 Rfd8 15.
Re2 d5 16. exd5 Nxd5 17. Nxd5 exd5 18. Bg5 hxg5 19. Nxg5 Nd4 20. Ree1 Nxb3 21.
cxb3 Bf6 22. Nf3 Re8 23. d4 c4 24. Rxe8+ Rxe8 25. b4 Qd7 26. Re1 Bc8 27. Rxe8+
Qxe8 28. Qf4 Qe6 29. Qb8 g6 30. Ne5 Kg7 31. Qc7 Bxe5 32. dxe5 Qf5 33. g4 Qb1+
34. Kg2 Be6 35. Qa7 Qxb2 36. Qxa6 c3 37. Qxb5 c2 38. Qf1 c1=Q 39. Qxc1 Qxc1 40.
a4 d4 41. b5 Bd5+ 42. Kg3 Qa3+ 43. Kh4 Qxa4 44. b6 Qb4 45. g5 d3+ 46. Kg3 Qxb6
47. h4 Qd4 48. h5 Qxe5+ 49. f4 Qe3+ 50. Kg4 gxh5+ 51. Kxh5 Qh3# 0-1

[Event "4NCL Online Division 5"]
[Site "online"]
[Date "2020.05.12"]
[Round "6.223"]
[White "Brett, Alex I"]
[Black "Keerthi Kumar, Advait"]
[Result "0-1"]
[WhiteElo "1480"]
[BlackElo "1075"]
[PlyCount "98"]
[EventDate "2020.05.12"]
[WhiteTeam "Wimbledon 3"]
[BlackTeam "Watford Juniors C"]

1. d4 d5 2. Bg5 Nf6 3. Bxf6 exf6 4. e3 Be7 5. c4 Bb4+ 6. Nc3 dxc4 7. Bxc4 O-O
8. a3 Bxc3+ 9. bxc3 b6 10. Nf3 Bb7 11. O-O Nc6 12. Bd3 Qd7 13. Qc2 g6 14. Rfe1
Rae8 15. c4 Na5 16. Rab1 Bxf3 17. gxf3 Qh3 18. f4 Qg4+ 19. Kh1 Nb7 20. Rg1 Qf3+
21. Rg2 Qh3 22. Rbg1 Qh6 23. f5 g5 24. h4 Kh8 25. Rh2 gxh4 26. Rg4 Rg8 27.
Rgxh4 Qg7 28. Qd1 Nd6 29. Qf1 c5 30. d5 a6 31. Rg2 Qxg2+ 32. Qxg2 Rxg2 33. Kxg2
b5 34. cxb5 axb5 35. Rh1 c4 36. Bc2 Ra8 37. Ra1 b4 38. a4 b3 39. Bd1 b2 40. Rb1
c3 41. Bc2 Nc4 42. Rd1 Na3 43. Be4 c2 44. Bxc2 Nxc2 45. d6 Na3 46. d7 Rd8 47.
a5 b1=Q 48. Rxb1 Nxb1 49. a6 Rxd7 0-1

[Event "4NCL Online Division 5"]
[Site "online"]
[Date "2020.05.12"]
[Round "6.224"]
[White "Shah, Prem"]
[Black "Kucukyildiz, Alp Tugrul"]
[Result "0-1"]
[WhiteElo "1022"]
[BlackElo "1397"]
[PlyCount "88"]
[EventDate "2020.05.12"]
[WhiteTeam "Watford Juniors C"]
[BlackTeam "Wimbledon 3"]

1. d4 Nf6 2. Nc3 d5 3. Nf3 Bg4 4. Bg5 Nc6 5. e3 h6 6. Bxf6 gxf6 7. Bd3 e5 8.
O-O e4 9. h3 Bh5 10. Be2 exf3 11. Bxf3 Bxf3 12. Qxf3 Bg7 13. Nxd5 O-O 14. Nc3
Rb8 15. d5 Ne5 16. Qg3 Qd6 17. Rfd1 Ng6 18. Qf3 Ne5 19. Qe4 Rfe8 20. Qd4 f5 21.
Qa4 Qa6 22. Qb3 Qc4 23. Qa3 Qa6 24. Qb4 Qc4 25. Qxc4 Nxc4 26. b3 Bxc3 27. Rab1
Na3 28. Rbc1 Bb2 29. Kf1 Bxc1 30. Rxc1 Rbd8 31. Rd1 Nxc2 32. Rd2 Nb4 33. a3
Rxd5 34. Rb2 Nc6 35. Ke2 f4 36. Kf3 fxe3 37. fxe3 Rd3 38. Kf4 Rexe3 39. Rf2
Rxb3 40. h4 Rxa3 41. Rb2 Reb3 42. Re2 Ra4+ 43. Kf5 Rb5+ 44. Kf6 Rf4# 0-1

[Event "4NCL Online Division 5"]
[Site "online"]
[Date "2020.05.12"]
[Round "6.231"]
[White "Gardner, Phillip K"]
[Black "Podlesak, Mark"]
[Result "1/2-1/2"]
[WhiteElo "1846"]
[BlackElo "1675"]
[PlyCount "47"]
[EventDate "2020.05.12"]
[WhiteTeam "Sheffield Deaf"]
[BlackTeam "Shropshire 4"]

1. e4 d5 2. exd5 Nf6 3. Bb5+ Bd7 4. Be2 c6 5. dxc6 Nxc6 6. Nf3 e5 7. d3 Bc5 8.
O-O O-O 9. Nc3 Be6 10. Bg5 Be7 11. Qd2 h6 12. Be3 Ng4 13. Rad1 Nxe3 14. fxe3
Qb6 15. Na4 Qb4 16. Qxb4 Nxb4 17. Rd2 Nd5 18. e4 Ne3 19. Ra1 Bd6 20. h3 Rac8
21. Nc3 Bc5 22. Kh1 Bb4 23. Nxe5 Rxc3 24. a3 1/2-1/2

[Event "4NCL Online Division 5"]
[Site "online"]
[Date "2020.05.12"]
[Round "6.232"]
[White "Hilditch-Love, Daniel"]
[Black "Freund, Michael P"]
[Result "1/2-1/2"]
[WhiteElo "1585"]
[BlackElo "1770"]
[PlyCount "52"]
[EventDate "2020.05.12"]
[WhiteTeam "Shropshire 4"]
[BlackTeam "Sheffield Deaf"]

1. Nf3 e6 2. c4 d5 3. g3 c6 4. d4 Nf6 5. Bg2 Be7 6. O-O O-O 7. Nc3 Nbd7 8. Nd2
b6 9. e4 dxe4 10. Ndxe4 Nxe4 11. Bxe4 Bb7 12. a3 Nf6 13. Bg2 Qc7 14. Bf4 Bd6
15. Bg5 Be7 16. Qf3 Rab8 17. Bf4 Bd6 18. Bxd6 Qxd6 19. Rad1 Qc7 20. Ne4 Nxe4
21. Qxe4 c5 22. Qc2 Bxg2 23. Kxg2 cxd4 24. Rxd4 Rbd8 25. Rfd1 Rxd4 26. Rxd4 Rd8
1/2-1/2

[Event "4NCL Online Division 5"]
[Site "online"]
[Date "2020.05.12"]
[Round "6.233"]
[White "Gibson, Stephen"]
[Black "Jones, Andrew"]
[Result "1-0"]
[WhiteElo "1510"]
[BlackElo "1502"]
[PlyCount "55"]
[EventDate "2020.05.12"]
[WhiteTeam "Sheffield Deaf"]
[BlackTeam "Shropshire 4"]

1. e4 c5 2. Nf3 Nc6 3. d4 cxd4 4. Nxd4 d6 5. Bc4 Nf6 6. Nc3 a6 7. O-O Bg4 8. f3
Bd7 9. Nxc6 Bxc6 10. Be3 e6 11. Qe2 Be7 12. Rad1 O-O 13. Qf2 Nd7 14. Qg3 Ne5
15. Bb3 Bh4 16. Qh3 Ng6 17. Ne2 Bd7 18. Rxd6 Re8 19. Rfd1 Nf8 20. Nf4 e5 21.
Bxf7+ Kxf7 22. Rxd7+ Nxd7 23. Rxd7+ Qxd7 24. Qxd7+ Re7 25. Qd5+ Kf8 26. Bc5
exf4 27. Bxe7+ Kxe7 28. Qxb7+ 1-0

[Event "4NCL Online Division 5"]
[Site "online"]
[Date "2020.05.12"]
[Round "6.234"]
[White "Birch, James"]
[Black "Litherland, Reuben"]
[Result "1-0"]
[WhiteElo "1502"]
[BlackElo "1375"]
[PlyCount "57"]
[EventDate "2020.05.12"]
[WhiteTeam "Shropshire 4"]
[BlackTeam "Sheffield Deaf"]

1. c4 e6 2. g3 Nf6 3. Bg2 d5 4. cxd5 exd5 5. Nf3 Bd6 6. Nc3 O-O 7. O-O Re8 8.
d3 h6 9. a3 c6 10. b4 b5 11. Bb2 Bg4 12. Re1 Qc8 13. Qd2 c5 14. Nxb5 Qd7 15.
Nxd6 Qxd6 16. bxc5 Qxc5 17. Bxf6 Bxf3 18. Bxg7 Kxg7 19. Bxf3 Nc6 20. Rec1 Qd4
21. e3 Qe5 22. Qc3 Rac8 23. Qd2 d4 24. Bxc6 dxe3 25. Qxe3 Rxc6 26. Qxe5+ Rxe5
27. Rxc6 a5 28. Rd1 f6 29. d4 1-0

[Event "4NCL Online Division 5"]
[Site "online"]
[Date "2020.05.12"]
[Round "6.241"]
[White "Chung, Michael"]
[Black "Nasibova, Margarita"]
[Result "1-0"]
[WhiteElo "1615"]
[BlackElo "1360"]
[PlyCount "85"]
[EventDate "2020.05.12"]
[WhiteTeam "Streatham C"]
[BlackTeam "Warwickshire Bears D"]

1. e4 e5 2. Nf3 Nc6 3. Bc4 Nf6 4. d3 Bc5 5. c3 d6 6. b4 Bb6 7. O-O O-O 8. a4 a6
9. a5 Ba7 10. Be3 Bg4 11. Nbd2 Qe7 12. h3 Be6 13. Rb1 d5 14. Bb3 d4 15. cxd4
exd4 16. Bg5 Nxb4 17. Bxf6 Qxf6 18. Bxe6 Nxd3 19. Bc4 Ne5 20. Nxe5 Qxe5 21. Qa4
Rab8 22. Bd3 Rfe8 23. Nf3 Qd6 24. Rxb7 Bc5 25. Rxb8 Rxb8 26. Rc1 h6 27. Bxa6
Qxa6 28. Rxc5 Rb1+ 29. Kh2 Qd6+ 30. Re5 f6 31. Qa2+ Kh7 32. Qxb1 fxe5 33. Qd3
c5 34. Nd2 Qf6 35. a6 Qf4+ 36. Kg1 Qf8 37. Qb5 Qc8 38. a7 Qa8 39. Qxc5 Qb7 40.
Kh2 Qa8 41. Qb6 Qf8 42. Kg1 Qa8 43. Qb8 1-0

[Event "4NCL Online Division 5"]
[Site "online"]
[Date "2020.05.12"]
[Round "6.242"]
[White "Amir, Zain"]
[Black "Yordanov, Denislav"]
[Result "1-0"]
[WhiteElo "1390"]
[BlackElo "1412"]
[PlyCount "63"]
[EventDate "2020.05.12"]
[WhiteTeam "Warwickshire Bears D"]
[BlackTeam "Streatham C"]

1. c4 e5 2. Nc3 Nf6 3. g3 Bc5 4. Bg2 O-O 5. e3 d6 6. Nge2 Be6 7. Bxb7 Na6 8.
Bxa6 Bg4 9. Bb7 Rb8 10. Bg2 Be6 11. d3 Bb4 12. O-O Qd7 13. a3 Ba5 14. b4 Bb6
15. Qc2 Bh3 16. e4 c5 17. bxc5 Bxc5 18. Be3 Bxe3 19. fxe3 Bxg2 20. Kxg2 Ng4 21.
Nd5 Rbc8 22. h3 Nh6 23. Rab1 f5 24. Nec3 f4 25. exf4 exf4 26. Nxf4 Rce8 27. Rb2
a6 28. Rfb1 a5 29. Rb7 Qc6 30. Ncd5 Qc8 31. Ne7+ Rxe7 32. Rxe7 1-0

[Event "4NCL Online Division 5"]
[Site "online"]
[Date "2020.05.12"]
[Round "6.243"]
[White "Isaacs, Ruairi"]
[Black "Johal, Amrissa Kaur"]
[Result "0-1"]
[WhiteElo "1360"]
[BlackElo "1382"]
[PlyCount "56"]
[EventDate "2020.05.12"]
[WhiteTeam "Streatham C"]
[BlackTeam "Warwickshire Bears D"]

1. e4 e5 2. Nf3 Nc6 3. Bc4 h6 4. Ng5 hxg5 5. Qf3 Qf6 6. Qb3 Bc5 7. d3 Na5 8.
Qb5 Nxc4 9. Qxc5 Nb6 10. Qxc7 Ne7 11. b3 d5 12. Bb2 d4 13. Nd2 Nc6 14. Nf3 O-O
15. Bc1 Re8 16. Bxg5 Qe6 17. a3 f6 18. Nxe5 Re7 19. Nd7 Rxd7 20. Qf4 fxg5 21.
Qxg5 Rf7 22. Qh5 Qf6 23. O-O-O Qf4+ 24. Kb2 Bg4 25. Qg6 Rf6 26. g3 Rxg6 27.
gxf4 Bxd1 28. Rxd1 Rf6 0-1

[Event "4NCL Online Division 5"]
[Site "online"]
[Date "2020.05.12"]
[Round "6.244"]
[White "Chen, Olivia"]
[Black "Adatia, Amar"]
[Result "0-1"]
[WhiteElo "1307"]
[BlackElo "1247"]
[PlyCount "154"]
[EventDate "2020.05.12"]
[WhiteTeam "Warwickshire Bears D"]
[BlackTeam "Streatham C"]

1. d4 Nf6 2. Nf3 g6 3. e3 Bg7 4. Bd3 e6 5. c3 d5 6. Nbd2 O-O 7. O-O Bd7 8. Re1
Re8 9. e4 Qe7 10. e5 Nh5 11. Qb3 b6 12. Nf1 Bf8 13. Bg5 f6 14. exf6 Nxf6 15.
Ne5 Qg7 16. Bxf6 Qxf6 17. Ng3 Bd6 18. Ba6 Nxa6 19. Nxd7 Qe7 20. Qa4 Red8 21.
Ne5 Bxe5 22. dxe5 Nc5 23. Qc6 Qd7 24. Qxd7 Rxd7 25. Ne2 Nd3 26. Reb1 Nxe5 27.
Nd4 Re8 28. Rd1 c5 29. Nb5 a6 30. Na3 Red8 31. Nc2 Nc4 32. b3 Na5 33. Re1 Re7
34. Rad1 Nc6 35. f4 Kf7 36. Kf2 Kf6 37. g4 h6 38. h4 a5 39. g5+ hxg5 40. hxg5+
Kf5 41. Kf3 e5 42. Ne3+ Ke6 43. Ng4 Kf5 44. Nf6 exf4 45. Rxe7 Nxe7 46. Re1 Kxg5
47. Re6 d4 48. Ne4+ Kf5 49. Rxe7 d3 50. Rf7+ Ke6 51. Rf6+ Ke5 52. Rxf4 d2 53.
Nxd2 Rxd2 54. Re4+ Kd5 55. c4+ Kd6 56. a3 Rd3+ 57. Kg4 Rxb3 58. a4 Rb4 59. Kg5
Rxa4 60. Kxg6 b5 61. cxb5 Rxe4 62. b6 Rb4 63. Kf5 c4 64. Ke4 a4 65. Kd4 a3 66.
Kc3 Rb1 67. Kc2 a2 68. b7 a1=Q 69. b8=Q+ Rxb8 70. Kd2 c3+ 71. Kc2 Rb2+ 72. Kd3
c2 73. Kd4 c1=Q 74. Kd3 Rd2+ 75. Ke3 Qe5+ 76. Kf3 Qcc3+ 77. Kg4 Rd4# 0-1

[Event "4NCL Online Division 5"]
[Site "online"]
[Date "2020.05.12"]
[Round "6.251"]
[White "Adiraju, Sumukh"]
[Black "Eccleston, Bryony"]
[Result "0-1"]
[WhiteElo "700"]
[BlackElo "1330"]
[PlyCount "88"]
[EventDate "2020.05.12"]
[WhiteTeam "BBC Foxes"]
[BlackTeam "Manchester Juniors C"]

1. e4 e6 2. d4 d5 3. e5 c5 4. dxc5 Bxc5 5. Nf3 Nc6 6. Nc3 Nge7 7. Bb5 Bd7 8.
O-O Nf5 9. Bf4 O-O 10. Qd2 Ncd4 11. Bxd7 Nxf3+ 12. gxf3 Qxd7 13. Rad1 Nd4 14.
Qd3 a6 15. Ne2 Nf5 16. c3 f6 17. Nd4 fxe5 18. Bxe5 Qe7 19. Bg3 Nh4 20. b4 Bxd4
21. Bxh4 Qxh4 22. cxd4 Qh3 23. Qe3 Rf6 24. Kh1 Rh6 25. Qf4 Rf8 26. Qg3 Rxf3 27.
Qb8+ Rf8 28. Qe5 Qf3+ 29. Kg1 Rg6+ 30. Qg3 Rxg3+ 31. fxg3 Qe3+ 32. Kh1 Rxf1+
33. Rxf1 Qxd4 34. Rc1 Qe4+ 35. Kg1 Qe3+ 36. Kg2 Qxc1 37. Kh3 Qb2 38. Kh4 Qxh2+
39. Kg4 Qf2 40. Kh3 d4 41. Kg4 d3 42. Kh3 d2 43. Kg4 d1=Q+ 44. Kh3 Qh5# 0-1

[Event "4NCL Online Division 5"]
[Site "online"]
[Date "2020.05.12"]
[Round "6.252"]
[White "Seet, Joshua"]
[Black "Tran, Le Gia Khuong"]
[Result "0-1"]
[WhiteElo "1232"]
[BlackElo "700"]
[PlyCount "90"]
[EventDate "2020.05.12"]
[WhiteTeam "Manchester Juniors C"]
[BlackTeam "BBC Foxes"]

1. d4 d5 2. c4 Bf5 3. Nc3 e6 4. Bf4 Nc6 5. Nf3 Bb4 6. e3 Nf6 7. Bd3 Bxd3 8.
Qxd3 Bxc3+ 9. bxc3 O-O 10. O-O Na5 11. cxd5 exd5 12. Bg5 Nc6 13. Rab1 b6 14.
Qb5 Na5 15. Bxf6 Qxf6 16. Qxd5 Rfd8 17. Qe4 Re8 18. Qf4 Qxf4 19. exf4 h6 20.
Rfe1 Rxe1+ 21. Rxe1 Rd8 22. Re7 f6 23. Rxc7 a6 24. Ra7 Nc4 25. Rxa6 Re8 26. h4
g5 27. fxg5 fxg5 28. hxg5 hxg5 29. Nxg5 Re1+ 30. Kh2 Re2 31. f3 Rc2 32. Ra8+
Kg7 33. Ne6+ Kf6 34. Nf4 Kf5 35. Nd5 Ke6 36. Nf4+ Kf5 37. Rf8+ Kg5 38. Nd5 Rxa2
39. Rb8 Rb2 40. f4+ Kf5 41. Kh3 b5 42. Nb4 Na3 43. g4+ Kxf4 44. d5 Rd2 45. Kh4
Rh2# 0-1

[Event "4NCL Online Division 5"]
[Site "online"]
[Date "2020.05.12"]
[Round "6.253"]
[White "Panunzio, Jacopo"]
[Black "Eccleston, Rowan"]
[Result "0-1"]
[WhiteElo "700"]
[BlackElo "1120"]
[PlyCount "30"]
[EventDate "2020.05.12"]
[WhiteTeam "BBC Foxes"]
[BlackTeam "Manchester Juniors C"]

1. e4 e6 2. d3 d5 3. exd5 exd5 4. Qe2+ Ne7 5. Nc3 Nbc6 6. Bg5 h6 7. Bxe7 Bxe7
8. g3 O-O 9. Bg2 Re8 10. Nxd5 Bc5 11. Nf3 Rxe2+ 12. Kxe2 Qxd5 13. Kf1 Bh3 14.
Bxh3 Qxf3 15. Bg2 Qxf2# 0-1

[Event "4NCL Online Division 5"]
[Site "online"]
[Date "2020.05.12"]
[Round "6.254"]
[White "Sheehy, Lewis"]
[Black "Wang, Mark"]
[Result "1/2-1/2"]
[WhiteElo "992"]
[BlackElo "700"]
[PlyCount "117"]
[EventDate "2020.05.12"]
[WhiteTeam "Manchester Juniors C"]
[BlackTeam "BBC Foxes"]

1. e4 e5 2. Nf3 Nc6 3. Bc4 Bc5 4. d3 Nf6 5. Ng5 O-O 6. O-O Qe8 7. Nc3 h6 8. Nf3
d6 9. Be3 Na5 10. Bxc5 dxc5 11. Nxe5 Qxe5 12. Bd5 Nxd5 13. Nxd5 Rd8 14. Qd2 b6
15. Nc3 Qg5 16. Qxg5 hxg5 17. Nb5 c6 18. Nc7 Rb8 19. a3 Rb7 20. b4 Rxc7 21.
bxa5 bxa5 22. Rab1 Rb7 23. Rxb7 Bxb7 24. Rb1 Bc8 25. Rb8 g6 26. Ra8 f5 27. exf5
c4 28. fxg6 cxd3 29. cxd3 Kf8 30. h3 Ke7 31. Rxa7+ Ke8 32. Rxa5 Rxd3 33. Rxg5
Rxa3 34. Re5+ Kf8 35. Rg5 Ra1+ 36. Kh2 Kg8 37. g7 c5 38. Rxc5 Bb7 39. Rg5 Rf1
40. f3 Ra1 41. Kg3 Ra8 42. Kf4 Bc8 43. g4 Bb7 44. Rb5 Ra4+ 45. Kg5 Ba6 46. Re5
Kxg7 47. Re7+ Kf8 48. Ra7 Ra5+ 49. Kf6 Ke8 50. Ke6 Kd8 51. Kd6 Kc8 52. Kc6 Kb8
53. Kb6 Rb5+ 54. Kxa6 Rg5 55. Rh7 Rg6+ 56. Kb5 Rg5+ 57. Kc6 Rg6+ 58. Kd5 Rg5+
59. Ke6 1/2-1/2

[Event "4NCL Online Division 5"]
[Site "online"]
[Date "2020.05.12"]
[Round "6.5"]
[White "Parsons, Robert"]
[Black "Liu, Jason"]
[Result "0-1"]
[WhiteElo "1720"]
[BlackElo "1000"]
[PlyCount "100"]
[EventDate "2020.05.12"]
[WhiteTeam "Hatch End B"]
[BlackTeam "BBC Penguins"]

1. e4 e6 2. d4 d5 3. exd5 exd5 4. Nf3 Bd6 5. Bd3 Ne7 6. h3 Nbc6 7. Nc3 Be6 8.
O-O Qd7 9. Re1 O-O-O 10. Ne5 Bxe5 11. dxe5 Ng6 12. f4 a6 13. a3 Bf5 14. Bxf5
Qxf5 15. g4 Qd7 16. Qd3 h5 17. Qg3 hxg4 18. hxg4 Rh4 19. f5 Ngxe5 20. Rxe5 Nxe5
21. Qxe5 Rxg4+ 22. Kf2 d4 23. Ne4 Re8 24. Nc5 Rxe5 25. Nxd7 Rxf5+ 26. Ke2 Kxd7
27. Bd2 Rg2+ 28. Kd3 Rff2 29. Bb4 Rxc2 30. Kxd4 Rxb2 31. Rd1 Ke6 32. Re1+ Rge2
33. Rg1 g6 34. Kd3 b6 35. Rf1 c5 36. Bc3 Ra2 37. Rf6+ Ke7 38. Rxb6 Re6 39. Rb7+
Kd6 40. Rxf7 Rxa3 41. Rg7 Kd5 42. Rd7+ Rd6 43. Rc7 a5 44. Ra7 a4 45. Ra5 g5 46.
Ra8 Ra2 47. Rg8 c4+ 48. Ke3 Re6+ 49. Kf3 Ra3 50. Rxg5+ Kc6 0-1

[Event "4NCL Online Division 5"]
[Site "online"]
[Date "2020.05.12"]
[Round "6.6"]
[White "Liu, Benjamin"]
[Black "Barry, Brendan"]
[Result "1-0"]
[WhiteElo "700"]
[BlackElo "1315"]
[PlyCount "85"]
[EventDate "2020.05.12"]
[WhiteTeam "BBC Penguins"]
[BlackTeam "Hatch End B"]

1. d4 d5 2. c4 c6 3. Nc3 Nf6 4. Nf3 g6 5. Bg5 Bg7 6. e3 O-O 7. Bd3 Re8 8. O-O
h6 9. Bxf6 Bxf6 10. Qd2 c5 11. h3 cxd4 12. exd4 dxc4 13. Bxc4 Nc6 14. d5 Ne5
15. Nxe5 Bxe5 16. Qxh6 e6 17. dxe6 Bxe6 18. Bxe6 Rxe6 19. Rfe1 Rc8 20. Rab1 Rc4
21. Re4 Bg7 22. Qf4 b5 23. Rxc4 bxc4 24. Qxc4 Qd7 25. Rd1 Qc6 26. Qxc6 Rxc6 27.
Rd7 Ra6 28. Kh2 Bxc3 29. bxc3 Rxa2 30. Kg3 a5 31. c4 a4 32. c5 Rc2 33. Ra7 Rc4
34. Ra5 f5 35. Kf3 g5 36. Ke3 Kf7 37. c6 Rxc6 38. Rxa4 f4+ 39. Kf3 Kf6 40. g3
Rc3+ 41. Kg4 fxg3 42. fxg3 Kg6 43. Ra5 1-0

[Event "4NCL Online Division 5"]
[Site "online"]
[Date "2020.05.12"]
[Round "6.7"]
[White "Gill, Veer"]
[Black "Bell, Euan"]
[Result "1-0"]
[WhiteElo "1285"]
[BlackElo "700"]
[PlyCount "81"]
[EventDate "2020.05.12"]
[WhiteTeam "Hatch End B"]
[BlackTeam "BBC Penguins"]

1. e4 g6 2. d4 Bg7 3. Nf3 Nf6 4. Nc3 O-O 5. Bc4 c6 6. O-O Re8 7. h3 e6 8. e5
Nd5 9. Nxd5 exd5 10. Bd3 Na6 11. Re1 d6 12. exd6 Bd7 13. Bf4 c5 14. Bxa6 bxa6
15. dxc5 Bb5 16. Rb1 Re2 17. Rxe2 Bxe2 18. Qxe2 Qe8 19. Qxe8+ Rxe8 20. d7 Rd8
21. c6 Bf6 22. c7 Ra8 23. c8=Q+ Rxc8 24. dxc8=Q+ Kg7 25. Be5 Bxe5 26. Nxe5 Kh6
27. Nxf7+ Kg7 28. Qd7 a5 29. Qxa7 d4 30. Ne5+ Kh6 31. Qxd4 a4 32. Nf7+ Kh5 33.
g4+ Kh4 34. Qf6+ Kxh3 35. Ng5+ Kxg4 36. f3+ Kh5 37. Nxh7 Kh6 38. Nf8 Kh5 39.
Qxg6+ Kh4 40. Rd1 Kh3 41. Qg4# 1-0

[Event "4NCL Online Division 5"]
[Site "online"]
[Date "2020.05.12"]
[Round "6.8"]
[White "Florczak, Adam"]
[Black "Shah, Ashok"]
[Result "1-0"]
[WhiteElo "700"]
[BlackElo "1187"]
[PlyCount "61"]
[EventDate "2020.05.12"]
[WhiteTeam "BBC Penguins"]
[BlackTeam "Hatch End B"]

1. e4 e5 2. Nf3 Nc6 3. Bc4 h6 4. Nc3 Bc5 5. d3 d6 6. Be3 Bxe3 7. fxe3 Bg4 8.
Qd2 Nb4 9. Qf2 Nf6 10. Ng1 d5 11. exd5 c6 12. dxc6 e4 13. cxb7 Rb8 14. dxe4
Rxb7 15. a3 Nxe4 16. Nxe4 Rd7 17. Nc3 O-O 18. h3 Rd2 19. Qxd2 Nxc2+ 20. Qxc2
Qh4+ 21. Qf2 Qe7 22. hxg4 Re8 23. Nd1 Rc8 24. Bb3 Qb7 25. Qxf7+ Kh7 26. Qxb7
Re8 27. g5 Rf8 28. Bc2+ Kh8 29. g6 Rf6 30. Qc8+ Rf8 31. Qxf8# 1-0

[Event "4NCL Online Division 5"]
[Site "online"]
[Date "2020.05.19"]
[Round "7.11"]
[White "Higgie, Charles L"]
[Black "McGettigan, Andrew"]
[Result "1-0"]
[WhiteElo "1922"]
[BlackElo "1723"]
[PlyCount "49"]
[EventDate "2020.05.19"]
[WhiteTeam "Wirral League Wanderers"]
[BlackTeam "CSC 5"]

1. d4 d5 2. c4 dxc4 3. e3 e5 4. Bxc4 exd4 5. exd4 Bd6 6. Nc3 Nf6 7. Nf3 O-O 8.
O-O h6 9. h3 Nc6 10. Re1 Bf5 11. Be3 a6 12. a4 Qd7 13. Bf1 Rfe8 14. Rc1 Rad8
15. Nh4 Bh7 16. Qf3 Bb4 17. Red1 Nd5 18. Nxd5 Qxd5 19. Qxd5 Rxd5 20. Bxa6 Nxd4
21. Bc4 Rh5 22. Rxd4 Bc5 23. Rf4 Bxe3 24. Bxf7+ Kh8 25. fxe3 1-0

[Event "4NCL Online Division 5"]
[Site "online"]
[Date "2020.05.19"]
[Round "7.12"]
[White "Mason, Ian"]
[Black "Beckett, Phill"]
[Result "1-0"]
[WhiteElo "1548"]
[BlackElo "1720"]
[PlyCount "81"]
[EventDate "2020.05.19"]
[WhiteTeam "CSC 5"]
[BlackTeam "Wirral League Wanderers"]

1. d4 d5 2. c4 e6 3. Nf3 Nf6 4. g3 Be7 5. Bg2 O-O 6. O-O dxc4 7. Qc2 a6 8. a4
Bd7 9. Qxc4 Bc6 10. Bg5 Nbd7 11. Nc3 h6 12. Bxf6 Nxf6 13. Rfd1 Nd5 14. a5 Nxc3
15. bxc3 Bb5 16. Qa2 Bc6 17. c4 Bf6 18. Qc2 Bxf3 19. Bxf3 Bxd4 20. Rab1 Qf6 21.
Rxb7 Rac8 22. Kg2 Bc3 23. Ra7 Bxa5 24. Rxa6 Bb4 25. c5 Qe7 26. Rc6 Rfd8 27. Rb1
Rb8 28. Rb3 Ba5 29. Ra3 Bb4 30. Ra7 Rd7 31. Qb2 Qd8 32. Qe5 Rc8 33. Rb7 Ba5 34.
Ra6 Ra8 35. Rxa8 Qxa8 36. Rb5 Qa7 37. c6 Rd5 38. Bxd5 exd5 39. Rxd5 Bb6 40.
Rd8+ Kh7 41. Qf5+ 1-0

[Event "4NCL Online Division 5"]
[Site "online"]
[Date "2020.05.19"]
[Round "7.13"]
[White "Ray, Hiya"]
[Black "Wenninger, Maxim"]
[Result "1-0"]
[WhiteElo "1586"]
[BlackElo "1540"]
[PlyCount "85"]
[EventDate "2020.05.19"]
[WhiteTeam "Wirral League Wanderers"]
[BlackTeam "CSC 5"]

1. d4 c5 2. Nf3 d5 3. c4 Nf6 4. g3 dxc4 5. Bg2 Nc6 6. e3 Bf5 7. O-O e6 8. Ne5
Be4 9. Nxc6 Bxc6 10. Bxc6+ bxc6 11. Qa4 Qc7 12. Qxc4 cxd4 13. exd4 c5 14. b4
Nd5 15. dxc5 Be7 16. Bb2 O-O 17. Nd2 Rab8 18. a3 a5 19. Qg4 g6 20. Qe4 axb4 21.
Be5 Qxc5 22. Bxb8 Rxb8 23. axb4 Rxb4 24. Ra8+ Kg7 25. Qe5+ Bf6 26. Ne4 Qc6 27.
Nxf6 Nxf6 28. Rfa1 Re4 29. Qb8 Ng4 30. Qh8+ Kh6 31. Qf8+ Kg5 32. h4+ Kf6 33.
Qd8+ Kg7 34. Qh8+ Kh6 35. Qf8+ Kh5 36. Qxf7 Qc3 37. Qxh7+ Nh6 38. R8a5+ e5 39.
Ra6 Re1+ 40. Kg2 Qd3 41. Rxe1 Qxa6 42. Rxe5+ Kg4 43. f3# 1-0

[Event "4NCL Online Division 5"]
[Site "online"]
[Date "2020.05.19"]
[Round "7.14"]
[White "Khoury, Theo"]
[Black "Sainbayar, Anuurai"]
[Result "1-0"]
[WhiteElo "1465"]
[BlackElo "1584"]
[PlyCount "161"]
[EventDate "2020.05.19"]
[WhiteTeam "CSC 5"]
[BlackTeam "Wirral League Wanderers"]

1. e4 e6 2. d4 a6 3. Nf3 b5 4. Bd3 Bb7 5. O-O c5 6. dxc5 Bxc5 7. a3 Qc7 8. b4
Be7 9. Bb2 Nf6 10. Nbd2 O-O 11. Qe2 Nc6 12. Rac1 Nh5 13. g3 Rfe8 14. c4 bxc4
15. Nxc4 Qd8 16. Rfd1 Nf6 17. h3 d5 18. Ncd2 Qb6 19. Ne5 Rac8 20. Nxc6 Rxc6 21.
Rxc6 Qxc6 22. Rc1 Qb6 23. e5 Nd7 24. Nf3 f6 25. Bd4 Qd8 26. Bxa6 Bxa6 27. Qxa6
Kf7 28. b5 Qa8 29. Ba7 fxe5 30. b6 Rb8 31. Qb5 Rb7 32. Rc7 Nxb6 33. Nxe5+ Kf6
34. Ng4+ Kf7 35. Rxb7 Qxb7 36. Qxb6 Qxb6 37. Bxb6 Bxa3 38. Kg2 Bb2 39. Kf3 e5
40. Bc7 Ke6 41. Ke2 h5 42. Ne3 e4 43. Nd1 Bf6 44. f3 exf3+ 45. Kxf3 g6 46. Ke3
Kf5 47. Kd3 Bg7 48. Ne3+ Ke6 49. Bb6 Bf6 50. Bd4 Be7 51. Kc3 Bd6 52. g4 hxg4
53. hxg4 Be5 54. Kd3 Bf4 55. Ke2 Bc7 56. Kf3 Bd6 57. g5 Be7 58. Kg4 Bd6 59. Nc2
Be5 60. Bc5 Bc3 61. Kf4 Be5+ 62. Kg4 Bc3 63. Nd4+ Ke5 64. Ne2 d4 65. Nxc3 dxc3
66. Bb4 c2 67. Ba3 Ke4 68. Bc1 Ke5 69. Kf3 Kf5 70. Ke2 Ke4 71. Kd2 Kf5 72. Kxc2
Ke5 73. Kd3 Kf5 74. Kd4 Ke6 75. Ke4 Kd6 76. Bb2 Ke6 77. Ba3 Kf7 78. Ke5 Kg7 79.
Ke6 Kh7 80. Kf6 Kg8 81. Kxg6 1-0

[Event "4NCL Online Division 5"]
[Site "online"]
[Date "2020.05.19"]
[Round "7.21"]
[White "Hilton, Tim"]
[Black "Pincheira Sarmiento, Bernardo"]
[Result "1-0"]
[WhiteElo "1885"]
[BlackElo "1795"]
[PlyCount "35"]
[EventDate "2020.05.19"]
[WhiteTeam "Bolton & Worsley"]
[BlackTeam "Nottingham University 2"]

1. d4 d5 2. Nf3 Nf6 3. g3 e6 4. Bg2 Bb4+ 5. Nbd2 O-O 6. O-O c6 7. c4 Be7 8. Qc2
b6 9. e4 dxe4 10. Nxe4 Nbd7 11. Rd1 Bb7 12. Nxf6+ Nxf6 13. Ne5 Qc7 14. Bf4 Bd6
15. Qe2 c5 16. dxc5 Bxe5 17. Bxe5 Qe7 18. Bd6 1-0

[Event "4NCL Online Division 5"]
[Site "online"]
[Date "2020.05.19"]
[Round "7.22"]
[White "Dabner, Tom"]
[Black "Doherty, Paul"]
[Result "1-0"]
[WhiteElo "1690"]
[BlackElo "1738"]
[PlyCount "53"]
[EventDate "2020.05.19"]
[WhiteTeam "Nottingham University 2"]
[BlackTeam "Bolton & Worsley"]

1. e4 e6 2. b3 d5 3. Bb2 dxe4 4. Nc3 b6 5. Nxe4 Bb7 6. Bd3 Nd7 7. Qe2 Ngf6 8.
Nf3 Be7 9. O-O-O Rc8 10. h4 c5 11. h5 h6 12. g4 Rg8 13. g5 hxg5 14. Nexg5 Bxf3
15. Qxf3 Qc7 16. Bb5 Kf8 17. Rde1 e5 18. Bxd7 Qxd7 19. Bxe5 Rh8 20. h6 Rd8 21.
hxg7+ Kxg7 22. d3 Qd5 23. Qg3 Kg6 24. Ne4+ Kf5 25. Qg5+ Ke6 26. Nxf6 Rxh1 27.
Qg4# 1-0